[Event "Cheliabinsk Kibizov Memorial 8th"]
[Site "Cheliabinsk"]
[Date "2013.06.30"]
[Round "9"]
[White "Markov, Igor"]
[Black "Terentiev, Alexey"]
[Result "0-1"]
[WhiteElo "1745"]
[BlackElo "1699"]
[PlyCount "38"]
[EventDate "2013.06.22"]
[EventType "swiss"]
[EventRounds "9"]
[EventCountry "RUS"]
[SourceTitle "EXT 2014"]
[Source "ChessBase"]
[SourceDate "2013.11.20"]
[SourceVersion "1"]
[SourceVersionDate "2013.11.20"]
[SourceQuality "1"]

1. c4 Nf6 2. d4 e5 3. d5 Bc5 4. Bd2 d6 5. Nc3 Bf5 6. Nf3 e4 7. Nh4 Ng4 8. Qa4+ Bd7 9. Qb3 Bxf2+ 10. Kd1 Bxh4 11. Qxb7 Na6 12. Qxa6 Nf2+ 13. Kc1 Nxh1 14. g3 Bg5 15. Nxe4 Bxd2+ 16. Kxd2 f5 17. Nc3 Nf2 18. Bg2 Ng4 19. h3 Qg5+ 0-1

[Event "Cheliabinsk Region Club-ch fin"]
[Site "Cheliabinsk"]
[Date "2011.12.10"]
[Round "3"]
[White "Kniazkin, Viktor"]
[Black "Terentiev, Alexey"]
[Result "1-0"]
[WhiteElo "1747"]
[BlackElo "1646"]
[PlyCount "92"]
[EventDate "2011.12.10"]
[EventType "swiss"]
[EventRounds "9"]
[EventCountry "RUS"]
[SourceTitle "EXT 2022"]
[Source "ChessBase"]
[SourceDate "2021.10.06"]
[SourceVersion "1"]
[SourceVersionDate "2021.10.06"]
[SourceQuality "1"]

1. d4 Nf6 2. c4 e5 3. Bg5 exd4 4. Qxd4 Be7 5. e3 Nc6 6. Qd1 0-0 7. Nf3 h6 8. Bh4 Ne4 9. Bxe7 Qxe7 10. a3 d6 11. Be2 Qf6 12. Nbd2 Bf5 13. Nxe4 Bxe4 14. Qd2 Rad8 15. 0-0 d5 16. c5 d4 17. exd4 Nxd4 18. Nxd4 Rxd4 19. Qc3 Rfd8 20. f3 Bg6 21. b4 Qe7 22. Rfe1 Rd2 23. Bf1 Qh4 24. Re8+ Kh7 25. Rxd8 Qxd8 26. Re1 Rc2 27. Qe3 Rd2 28. Qe7 Qd4+ 29. Qe3 Qxe3+ 30. Rxe3 Rd7 31. Kf2 a6 32. c6 bxc6 33. Bxa6 Bc2 34. Bc8 Rd2+ 35. Kg3 Kg6 36. Ba6 Kf6 37. Re2 Rxe2 38. Bxe2 Ba4 39. Kf4 Ke6 40. Bc4+ Kf6 41. Ke4 Ke7 42. h4 f6 43. h5 Kd6 44. Kd4 Bd1 45. Bd3 Ba4 46. Be4 Bb3 1-0

[Event "Cheliabinsk Region Club-ch fin"]
[Site "Cheliabinsk"]
[Date "2011.12.10"]
[Round "5"]
[White "Protasov, Valery"]
[Black "Terentiev, Alexey"]
[Result "0-1"]
[WhiteElo "1665"]
[BlackElo "1646"]
[PlyCount "46"]
[EventDate "2011.12.10"]
[EventType "swiss"]
[EventRounds "9"]
[EventCountry "RUS"]
[SourceTitle "EXT 2022"]
[Source "ChessBase"]
[SourceDate "2021.10.06"]
[SourceVersion "1"]
[SourceVersionDate "2021.10.06"]
[SourceQuality "1"]

1. c4 e5 2. Nc3 Nc6 3. g3 Nf6 4. Bg2 Bb4 5. e3 d6 6. Nge2 Bg4 7. Qb3 Rb8 8. Nd5 Bc5 9. Nxf6+ Qxf6 10. Bxc6+ bxc6 11. Qd1 d5 12. d4 exd4 13. exd4 Qf3 14. Rg1 Bxd4 15. Be3 Bxe3 16. fxe3 Qxe3 17. Qc2 0-0 18. Rf1 d4 19. Rd1 c5 20. b3 Rfe8 21. Rf2 Rb6 22. Rd3 Qe5 23. Kf1 Bf5 0-1

[Event "Cheliabinsk Region Club-ch fin"]
[Site "Cheliabinsk"]
[Date "2011.12.10"]
[Round "1"]
[White "Terentiev, Alexey"]
[Black "Zorin, Yuri"]
[Result "1/2-1/2"]
[WhiteElo "1646"]
[BlackElo "1852"]
[PlyCount "69"]
[EventDate "2011.12.10"]
[EventType "swiss"]
[EventRounds "9"]
[EventCountry "RUS"]
[SourceTitle "EXT 2022"]
[Source "ChessBase"]
[SourceDate "2021.10.06"]
[SourceVersion "1"]
[SourceVersionDate "2021.10.06"]
[SourceQuality "1"]

1. e4 e5 2. Nf3 f5 3. Nxe5 Qf6 4. d4 d6 5. Nc4 fxe4 6. Nc3 Qg6 7. Nd5 Qf7 8. Nde3 Nf6 9. Be2 Be7 10. Bd2 0-0 11. 0-0 c6 12. Bb4 Rd8 13. f3 Qg6 14. fxe4 Nxe4 15. Bd3 b5 16. Nd2 Qg5 17. Qe2 d5 18. Nf3 Qf6 19. Ne5 Qe6 20. Bxe7 Qxe7 21. Rf7 Qg5 22. Bxe4 dxe4 23. Raf1 Be6 24. Qf2 Nd7 25. Rxd7 Rf8 26. Qe1 Rxf1+ 27. Nxf1 Bxd7 28. Nxd7 Qd5 29. Nc5 Qxd4+ 30. Qe3 Qe5 31. c3 Re8 32. Nd2 Qd5 33. Ncxe4 Qh5 34. Nf3 Qg6 35. Nfd2 1/2-1/2

[Event "Cheliabinsk Region Club-ch sf"]
[Site "Cheliabinsk"]
[Date "2011.10.12"]
[Round "6"]
[White "Davletshin, Nail"]
[Black "Terentiev, Alexey"]
[Result "1/2-1/2"]
[WhiteElo "1789"]
[BlackElo "1588"]
[PlyCount "61"]
[EventDate "2011.10.12"]
[EventType "swiss"]
[EventRounds "9"]
[EventCountry "RUS"]
[SourceTitle "EXT 2022"]
[Source "ChessBase"]
[SourceDate "2021.10.06"]
[SourceVersion "1"]
[SourceVersionDate "2021.10.06"]
[SourceQuality "1"]

1. e4 c5 2. Nf3 e6 3. d4 cxd4 4. Nxd4 a6 5. Be3 Qc7 6. Be2 Nf6 7. Nd2 d5 8. exd5 Nxd5 9. 0-0 Bd6 10. h3 Nxe3 11. fxe3 0-0 12. Ne4 Be5 13. c3 Qb6 14. Rb1 Nc6 15. Qc2 f5 16. Ng5 Bf6 17. h4 Kh8 18. Qb3 Qxb3 19. Nxb3 Ne5 20. Nc5 Re8 21. Rbd1 h6 22. Nf3 Ng4 23. Rd3 e5 24. Nh2 e4 25. Nxg4 exd3 26. Nxf6 dxe2 27. Nxe8 exf1Q+ 28. Kxf1 Bd7 29. Nd6 Bc6 30. b4 b6 31. Ne6 1/2-1/2

[Event "Cheliabinsk Region Club-ch sf"]
[Site "Cheliabinsk"]
[Date "2011.10.12"]
[Round "4"]
[White "Terentiev, Alexey"]
[Black "Mutav, Vladimir"]
[Result "1-0"]
[WhiteElo "1588"]
[BlackElo "1856"]
[PlyCount "61"]
[EventDate "2011.10.12"]
[EventType "swiss"]
[EventRounds "9"]
[EventCountry "RUS"]
[SourceTitle "EXT 2022"]
[Source "ChessBase"]
[SourceDate "2021.10.06"]
[SourceVersion "1"]
[SourceVersionDate "2021.10.06"]
[SourceQuality "1"]

1. e4 d5 2. exd5 Nf6 3. d4 Nxd5 4. c4 Nb4 5. a3 N4c6 6. Be3 e6 7. Nf3 Nd7 8. Nc3 Be7 9. Bd3 0-0 10. Qc2 g6 11. Rd1 Bf6 12. 0-0 Rb8 13. d5 exd5 14. Nxd5 Nce5 15. Nxf6+ Qxf6 16. Nxe5 Nxe5 17. Be4 b6 18. Bd4 c5 19. Bc3 Qe7 20. Rfe1 Re8 21. Bc6 Nxc6 22. Rxe7 Rxe7 23. Qd2 Bb7 24. h3 Rbe8 25. Qh6 f5 26. Qg5 Nd4 27. Bxd4 Rd7 28. Qf6 cxd4 29. Rxd4 Rxd4 30. Qxd4 Kf7 31. b4 1-0

[Event "Cheliabinsk Region Club-ch qf"]
[Site "Cheliabinsk"]
[Date "2011.01.28"]
[Round "8"]
[White "Terentiev, Alexey"]
[Black "Tsigelnik, Alexander"]
[Result "1-0"]
[WhiteElo "1588"]
[BlackElo "1683"]
[PlyCount "55"]
[EventDate "2011.01.21"]
[EventType "swiss"]
[EventRounds "9"]
[EventCountry "RUS"]
[SourceTitle "EXT 2022"]
[Source "ChessBase"]
[SourceDate "2021.10.06"]
[SourceVersion "1"]
[SourceVersionDate "2021.10.06"]
[SourceQuality "1"]

1. e4 c5 2. Nf3 Nc6 3. d4 cxd4 4. Nxd4 Nf6 5. Nc3 e5 6. Ndb5 d6 7. Bg5 h6 8. Bxf6 gxf6 9. Nd5 Rb8 10. Qf3 Bg7 11. Nbc7+ Kf8 12. Nb5 a6 13. Nbc3 Nd4 14. Qd3 b5 15. 0-0-0 b4 16. Ne2 Nxe2+ 17. Bxe2 h5 18. Ne3 Rb6 19. Nc4 Rc6 20. Nxd6 Be6 21. Kb1 Qa5 22. b3 Rc3 23. Qxa6 Qc7 24. Qa8+ Bc8 25. Ba6 Ke7 26. Nb5 Qc6 27. Qa7+ Kf8 28. Rd8+ 1-0

[Event "Cheliabinsk Region Club-ch qf"]
[Site "Cheliabinsk"]
[Date "2011.01.25"]
[Round "5"]
[White "Gerbasiy, Valery"]
[Black "Terentiev, Alexey"]
[Result "0-1"]
[WhiteElo "1636"]
[BlackElo "1588"]
[PlyCount "43"]
[EventDate "2011.01.21"]
[EventType "swiss"]
[EventRounds "9"]
[EventCountry "RUS"]
[SourceTitle "EXT 2022"]
[Source "ChessBase"]
[SourceDate "2021.10.06"]
[SourceVersion "1"]
[SourceVersionDate "2021.10.06"]
[SourceQuality "1"]

1. e4 c5 2. Nf3 e6 3. Nc3 a6 4. a4 Nc6 5. Be2 Qc7 6. 0-0 Nf6 7. e5 Nxe5 8. Re1 Nxf3+ 9. Bxf3 d5 10. d3 Be7 11. g3 0-0 12. Bg2 Re8 13. Kh1 Bd7 14. Bf4 Bd6 15. Bxd6 Qxd6 16. f4 Rac8 17. b3 Qc7 18. Rc1 Bc6 19. d4 cxd4 20. Qxd4 Bd7 21. Ne2 Qa5 22. Qd2 0-1